| 000 | 00468 a2200157 4500 | ||
|---|---|---|---|
| 999 |
_c12756 _d12756 |
||
| 003 | OSt | ||
| 005 | 20240710192952.0 | ||
| 008 | 240710b ||||| |||| 00| 0 eng d | ||
| 020 | _a9780300093575 | ||
| 082 | _a720.29 | ||
| 100 | _a Stanislaus von Moos and Arthur Ruegg | ||
| 245 | _a Le corbusier before le corbusier: architectural studies, interiors, painting and photography, 1907-1922 | ||
| 260 |
_bYale University Press _c2002 |
||
| 300 | _a322P; | ||
| 942 | _2ddc | ||